| 000 | 00572cam a2200169 4500 | ||
|---|---|---|---|
| 082 | 0 | 0 |
_a629.2042 _bNEW _cL-17, P-15 |
| 100 | 1 |
_aNewton, K. _944356 |
|
| 245 | 1 | 4 |
_aThe motor vehicle: _ba text-book for students, draughtsmen and owner-drivers _c[by] K. Newton and W. Steeds. |
| 250 | _a8th ed. | ||
| 260 |
_aLondon, _bIliffe _c[1966] |
||
| 300 |
_a9, 713 p. _billus., tables, diagrs. _c22 cm. |
||
| 526 |
_a0 _b0 _c0 _d629_204200000000000_NEW |
||
| 650 | 0 |
_aAutomobiles _xDesign and construction. _944357 |
|
| 650 | 0 |
_aMCE _9379 |
|
| 700 | 1 |
_aSteeds, W. _944358 |
|
| 942 |
_2ddc _cBK |
||
| 999 |
_c548174 _d548174 |
||